<La> Mobilité étudiante Erasmus: problèmes et perspectives
Internacionalizácia podnikov a s tým súvisiaca potreba internacionalizácie vzdelávania a výskumu. Pohľad do histórie a štatistiky. Spolupráca v oblasti vzdelávania. Vznik programu Erasmus v r. 1987. Mobilita študentov v rámci programu Erasmus a niektoré problémy. Erasmus na Slovensku. Erasmus na Eko...
Salvato in:
| Autore principale: | |
|---|---|
| Altri autori: | |
| Natura: | Capitolo di libro |
| Lingua: | francese |
| Soggetti: | |
| Tags: |
Nessun Tag, puoi essere il primo ad aggiungerne!!
|
MARC
| LEADER | 00000nla a2200000 4500 | ||
|---|---|---|---|
| 001 | 0210344 | ||
| 005 | 20240502073512.8 | ||
| 041 | 0 | |a fre | |
| 044 | |a SK | ||
| 245 | 1 | 0 | |a <La> Mobilité étudiante Erasmus: problèmes et perspectives |c Magdaléna Přívarová, Ján Toma |
| 520 | |a Internacionalizácia podnikov a s tým súvisiaca potreba internacionalizácie vzdelávania a výskumu. Pohľad do histórie a štatistiky. Spolupráca v oblasti vzdelávania. Vznik programu Erasmus v r. 1987. Mobilita študentov v rámci programu Erasmus a niektoré problémy. Erasmus na Slovensku. Erasmus na Ekonomickej univerzite v Bratislave. | ||
| 610 | 2 | 0 | |a vzdelávanie vysokoškolské |
| 610 | 2 | 0 | |a študenti |
| 610 | 2 | 0 | |a migrácia |
| 610 | 2 | 0 | |a spolupráca medzinárodná |
| 610 | 2 | 0 | |a školy vysoké |
| 610 | 2 | 0 | |a univerzity |
| 610 | 2 | 0 | |a programy študijné |
| 610 | 2 | 0 | |a Európa |
| 610 | 2 | 0 | |a Slovensko |
| 100 | 1 | |a Přívarová, Magdaléna, 1955- | |
| 700 | 1 | |a Toma, Ján | |